| 000 -LEADER |
| fixed length control field |
00700cam a22001337a 4500 |
| 008 - FIXED-LENGTH DATA ELEMENTS--GENERAL INFORMATION |
| fixed length control field |
180718b2000 xxu||||| |||| 00| 0 eng d |
| 082 ## - DEWEY DECIMAL CLASSIFICATION NUMBER |
| Classification number |
W17x5421 AC25/1991 |
| 100 ## - MAIN ENTRY--PERSONAL NAME |
| Personal name |
India. Railway Accident Investigation Report on Derailment of 2311 UP Kalka Mail at Karchana Station ........ |
| 245 ## - TITLE STATEMENT |
| Title |
Railway Accident Investigation Report on Derailment of 2311 UP Kalka Mail at Karchana Station on Northern Railway on 15th February 1991 |
| Statement of responsibility, etc. |
by Commission of Railway Safety, Ministry of Civil Aviation |
| 260 ## - PUBLICATION, DISTRIBUTION, ETC. |
| Place of publication, distribution, etc. |
Delhi |
| Name of publisher, distributor, etc. |
The Controller of Publications |
| Date of publication, distribution, etc. |
2000 |
| 300 ## - PHYSICAL DESCRIPTION |
| Extent |
29p. |
| 650 ## - SUBJECT ADDED ENTRY--TOPICAL TERM |
| Topical term or geographic name entry element |
Railways - Accidents - India - Karchana |
| 700 ## - ADDED ENTRY--PERSONAL NAME |
| Personal name |
India. Ministry of Civil Aviation. Commission of Railway Safety |